UM Logo

Organizational behavior/ (Record no. 2574)

MARC details
000 -LEADER
fixed length control field 00504nam a22001697a 4500
008 - FIXED-LENGTH DATA ELEMENTS--GENERAL INFORMATION
fixed length control field 160517b xxu||||| |||| 00| 0 eng d
020 ## - INTERNATIONAL STANDARD BOOK NUMBER
International Standard Book Number 981-247-066-2
082 ## - DEWEY DECIMAL CLASSIFICATION NUMBER
Edition number 2005
Classification number DC 653
Item number R56o
100 ## - MAIN ENTRY--PERSONAL NAME
9 (RLIN) 8500
Personal name Robbins, Stephen P.
245 ## - TITLE STATEMENT
Title Organizational behavior/
Statement of responsibility, etc. Stephen P. Robbins.
250 ## - EDITION STATEMENT
Edition statement 10th edition.
260 ## - PUBLICATION, DISTRIBUTION, ETC. (IMPRINT)
Place of publication, distribution, etc. Singapore:
Name of publisher, distributor, etc. Pearson Education,
Date of publication, distribution, etc. c2005.
300 ## - PHYSICAL DESCRIPTION
Extent xxix, 675 pages;
Dimensions 24 cm.
500 ## - GENERAL NOTE
General note Includes index.
650 #0 - SUBJECT ADDED ENTRY--TOPICAL TERM
9 (RLIN) 8501
Topical term or geographic name as entry element Organizational behavior.
942 ## - ADDED ENTRY ELEMENTS (KOHA)
Source of classification or shelving scheme Dewey Decimal Classification
Koha item type Circulation
Holdings
Withdrawn status Lost status Source of classification or shelving scheme Damaged status Not for loan Collection code Home library Current library Date acquired Total Checkouts Full call number Barcode Date last seen Cost, replacement price Price effective from Koha item type
    Dewey Decimal Classification     Circulation UM Digos College - LIC UM Digos College - LIC 10/24/2008   DC 653 R56o 2005 19842 05/15/2025 736.00 05/17/2016 Circulation